000 00431cam a2200181 4500
001 D11977
008 090401t xxu||||| |||| 00| 0 eng d
035 _a(Sirsi) u501
041 _aeng
100 _aAmies, F.A.
245 _aTown and country planning: law in practice. Volumes 1 and 11
260 _bEstates Gazette
_cnd
350 _a0
520 _aShelf 314
700 _aLeach, W. A.
942 _n0
948 _c04/03/1997
999 _c85565
_d85565